000 00794nmc a2200289 a 4500
003 AR-BaBNM
005 20251128203100.0
008 235020s2004 ||||||||||||||000 | spa||
020 _a950-07-2284-4
040 _cAR-BaBNM
100 1 _aWilliams, Margery
245 1 0 _aEl conejo de felpa
_bo cómo los juguetes llegan a vivir
250 _a6ª ed.
260 _aBuenos Aires
_bSudamericana
_c2004
300 0 _a59 p.
_bil.
490 0 _aPan Flauta
_vv. 29
650 4 _aLITERATURA CONTEMPORANEA
650 4 _aLITERATURA ARGENTINA
650 4 _aLIBROS PARA NINOS
650 4 _aCUENTOS DE ANIMALES
655 _aLITERATURA
700 1 _aLew Alexander, Adriana
_eilustrador
700 1 _aCristoff, María S.
_etraductor
800 0 _aCanela
942 _cBK
998 _cme-solo cat
999 _c1796
_d1796